| 000 | 00378pab a2200145 454500 | ||
|---|---|---|---|
| 008 | 180718b1985 xxu||||| |||| 00| 0 eng d | ||
| 100 | _aKoh, B.C. | ||
| 245 |
_aThe recruitment of higher civil servants in Japan _bA comparative perspective |
||
| 260 | _c1985 | ||
| 300 | _a292-309 | ||
| 362 | _aMar. | ||
| 650 | _aCivil Service - Japan | ||
| 773 | _aAsian Survey | ||
| 909 | _a5789 | ||
| 999 |
_c5789 _d5789 |
||